Meet 'EE' in the Middle Quiz Stats

 Plays Quiz Updated Jan 27, 2014

Support Sporcle.
Go Orange.
Score 0/42 Timer 03:00
0 Plays Today
Clue -ee- Word % Correct
Cattle meatBeef
95%
Red root vegetableBeet
94.6%
Horn noiseBeep
91.5%
Alcoholic drinkBeer
90.8%
Antlered animalDeer
90.8%
A shoe's rear partHeel
90.2%
Touch objectFeel
83.3%
To provide a mealFeed
82.2%
Nerdy personGeek
81%
Shoe fillersFeet
80%
To remove a fruit's rindPeel
79.9%
To retain possessionKeep
79.7%
Proof of ownershipDeed
78.8%
Far belowDeep
78.8%
To requireNeed
78.6%
Seven daysWeek
75.7%
Search outSeek
73.7%
Has observedSeen
72.6%
Unwanted plantWeed
70.6%
Smell unpleasantlyReek
70.5%
Come togetherMeet
69.9%
Clue -ee- Word % Correct
Shed tearsWeep
69.7%
Leak throughSeep
69.7%
Adolescent youthTeen
69.5%
To pay attentionHeed
67.5%
To suggestively stareLeer
66.6%
One of the same rankPeer
65.2%
Appear trueSeem
63.7%
A very slight soundPeep
61.9%
Judge or considerDeem
61.5%
Sharp or wittyKeen
58.8%
Docile and compliantMeek
58%
Plant's ovuleSeed
58%
A wise prophetSeer
57.1%
Welsh veggie symbolLeek
55.9%
Submerged ridge of rocksReef
55.1%
Ship's beamKeel
54.8%
Stalk from tall grassesReed
50.3%
Stagger uncontrollablyReel
49.2%
SwerveVeer
45.2%
Become filled to overflowingTeem
41.5%
Sediment in a wine bottleLees
25.2%

From the Vault

Criteria NFL WRs

by serf_in_USA

Sports 7m
You'll need some strong football knowledge if you expect to go...all...the...way!
Remove Ads.
Support Sporcle.
Get the best of Sporcle when you Go Orange. This ad-free experience offers more features, more stats, and more fun while also helping to support Sporcle. Thank you for becoming a member.

Show Comments

Extras

Top Quizzes Today


Score Distribution

Your Account Isn't Verified!

In order to create a playlist on Sporcle, you need to verify the email address you used during registration. Go to your Sporcle Settings to finish the process.

Report this User

Report this user for behavior that violates our Community Guidelines.

Details: